000 00961nam a2200253Ia 4500
003 OSt
005 20221005113456.0
006 a|||||r|||| 00| 0
007 ta
008 221004b |||||||| |||| 00| 0 pan d
020 _c280
024 _a5594
037 _b713, 26/06/2013, H.K. Prakashan
_cTextual
040 _aCRL
_cCRL
_bpan
041 _2pan
_apan
082 _aO153,3NAN:g, Q3
100 _aਸਿੰਘ, ਰਜਨੀF ਬਹਾਦਰ, ਥਦ.
_9160116
245 0 _aਲੱਮੇ ਪੈੰਡਿਆਂ ਦਾ ਪਾਂਧੀ
_b ਜਗਜੀਤ ਸਿੰਘ ਆਨੰਦ
260 _aਲੁਧਿਆਣਾ
_bਪੰਜਾਬੀ ਸਾਹਿਤ ਅਕਾਦਮੀ ਭਾਰਤ
_c2013
300 _a320ਪੰ
_ccm.
650 _aਪੰਜਾਬੀ ਸਾਹਿਤ
942 _hO153,3NAN:g, Q3
_cTEXL
_2cc
999 _c1028321
_d1028321